[Event "European Senior Chess Championship 2018"]
[Site "Drammen, Norway"]
[Date "2018.02.14"]
[Round "1"]
[White "Ludviksson, Johannes"]
[Black "Vorotnikov, Vladislav V"]
[Result "1/2-1/2"]
[WhiteElo "2024"]
[BlackElo "2445"]
[PlyCount "75"]
[EventDate "2018.??.??"]

1. Nf3 d6 2. d4 Nf6 3. Bf4 c6 4. h3 Qb6 5. Qc1 g6 6. e3 Bg7 7. Be2 Ne4 8. O-O
Nd7 9. Nbd2 Nxd2 10. Nxd2 O-O 11. c3 f5 12. a4 a5 13. Bc4+ Kh8 14. Be6 Nf6 15.
Bxc8 Raxc8 16. Qc2 c5 17. dxc5 Qxc5 18. Bg5 h6 19. Bxf6 Bxf6 20. e4 f4 21. e5
Bxe5 22. Qxg6 Rf6 23. Qd3 Rg8 24. Ne4 Qc6 25. f3 Rfg6 26. Rf2 d5 27. Nd2 Bd6
28. Nb3 Qc4 29. Qd4+ e5 30. Qd1 Bc7 31. Kh1 Bb6 32. Re2 Be3 33. Nxa5 Qc8 34.
Qxd5 Rd8 35. Qxe5+ Kg8 36. Rae1 Rg5 37. Qe4 Rxa5 38. Qg6+
1/2-1/2

[Event "European Senior Chess Championship 2018"]
[Site "Drammen, Norway"]
[Date "2018.02.14"]
[Round "1"]
[White "Ladisic, Alex-Sacha"]
[Black "Furman, Boris"]
[Result "0-1"]
[WhiteElo "1962"]
[BlackElo "2242"]
[PlyCount "112"]
[EventDate "2018.??.??"]

1. e4 c5 2. Nf3 Nc6 3. d4 cxd4 4. Nxd4 Nf6 5. Nc3 d6 6. Be2 e5 7. Nf3 h6 8. O-O
Be7 9. Re1 O-O 10. h3 Be6 11. Bf1 Nb8 12. Nd5 Nxd5 13. exd5 Bf5 14. c3 Nd7 15.
a4 a5 16. Ra3 Qc7 17. Nd4 exd4 18. Rxe7 Qd8 19. Re1 dxc3 20. Rxc3 Nc5 21. Bb5
Qh4 22. Rc4 Qf6 23. Rf4 Qg6 24. Qf3 Bd7 25. Bxd7 Nxd7 26. Rg4 Qf6 27. Rf4 Qg6
28. Rg4 Qf6 29. Qe3 Rfe8 30. Qxe8+ Rxe8 31. Rxe8+ Kh7 32. h4 Qf5 33. Rd4 Qb1
34. Re1 Nc5 35. Red1 Qc2 36. Bf4 Ne4 37. Be3 f5 38. f3 Ng3 39. R4d2 Qxa4 40.
Bd4 Qe8 41. Bf2 f4 42. Kh2 Nf5 43. Re1 Qh5 44. Kh3 g5 45. Rde2 Nxh4 46. Re7+
Kg6 47. R1e6+ Kf5 48. g4+ fxg3 49. Bxg3 Ng6+ 50. Kg2 Nf4+ 51. Bxf4 gxf4 52. Re8
Qg5+ 53. Kf1 Qg7 54. Rxd6 Qxb2 55. Rdd8 a4 56. d6 a3
0-1

[Event "European Senior Chess Championship 2018"]
[Site "Drammen, Norway"]
[Date "2018.02.14"]
[Round "1"]
[White "Wahlstedt, Mats"]
[Black "Karason, Askell O"]
[Result "0-1"]
[WhiteElo "1951"]
[BlackElo "2217"]
[PlyCount "92"]
[EventDate "2018.??.??"]

1. e4 g6 2. d4 Bg7 3. Nc3 d6 4. Bg5 h6 5. Be3 a6 6. Qd2 b5 7. O-O-O Bb7 8. f3
Nd7 9. Kb1 c5 10. dxc5 Nxc5 11. Nge2 Rc8 12. Bd4 Nf6 13. Nd5 Bxd5 14. exd5 O-O
15. Nc1 Qc7 16. Nb3 Na4 17. Rc1 Nb6 18. Bxb6 Qxb6 19. c4 bxc4 20. Bxc4 Rc7 21.
Qa5 Rb8 22. Qxb6 Rxb6 23. Rc2 Nd7 24. Re1 Bf6 25. Na5 Ne5 26. f4 Nxc4 27. Nxc4
Rxc4 28. Rxc4 Rxb2+ 29. Kc1 Rxa2 30. Rc2 Ra1+ 31. Kd2 Ra5 32. Rc8+ Kg7 33. Ra8
Ra2+ 34. Kd3 Rxg2 35. Re2 Rg4 36. Ke3 g5 37. fxg5 Bxg5+ 38. Kd3 Ra4 39. Re4 Ra5
40. Kc4 f5 41. Re2 Rc5+ 42. Kb4 Rxd5 43. Rxa6 Kf6 44. Kc3 f4 45. Ra4 Kf5 46.
Rf2 e5
0-1

[Event "European Senior Chess Championship 2018"]
[Site "Drammen, Norway"]
[Date "2018.02.14"]
[Round "1"]
[White "Hartung-Nielsen, Jens"]
[Black "Ilyes, Peter"]
[Result "1-0"]
[WhiteElo "2211"]
[BlackElo "1944"]
[PlyCount "47"]
[EventDate "2018.??.??"]

1. c4 Nf6 2. g3 c6 3. Nf3 d5 4. b3 Bf5 5. Bb2 e6 6. Bg2 Qb6 7. cxd5 cxd5 8. O-O
Nc6 9. d3 Bd6 10. Nc3 h6 11. e4 Bg4 12. exd5 exd5 13. Re1+ Be6 14. Na4 Qa5 15.
a3 b5 16. Rc1 bxa4 17. Rxc6 Kd7 18. b4 Bxb4 19. axb4 Qxb4 20. Ne5+ Ke8 21. Qc1
Nd7 22. Ba3 Qb7 23. Rc7 Qa6 24. Nxd7
1-0

[Event "European Senior Chess Championship 2018"]
[Site "Drammen, Norway"]
[Date "2018.02.14"]
[Round "1"]
[White "Lerstad, Bjorn"]
[Black "Gruzmann, Boris"]
[Result "0-1"]
[WhiteElo "1916"]
[BlackElo "2183"]
[PlyCount "86"]
[EventDate "2018.??.??"]

1. e4 c5 2. Nc3 d6 3. Nf3 Nf6 4. Bc4 e6 5. O-O a6 6. a4 Be7 7. d4 cxd4 8. Nxd4
O-O 9. Bb3 Nbd7 10. f3 Nc5 11. Bc4 Qc7 12. Qe2 Rd8 13. Be3 d5 14. exd5 exd5 15.
Bd3 Ne6 16. Qf2 Nf4 17. Bf5 g6 18. Bxc8 Raxc8 19. Rfd1 Ne6 20. Nce2 Bc5 21. c3
Re8 22. Re1 Nd7 23. Rad1 Bd6 24. Ng3 Ne5 25. Qc2 Nc4 26. Bf2 Nxd4 27. cxd4 Qb6
28. Rxe8+ Rxe8 29. Rb1 Bf4 30. Nf1 Nd6 31. Qd3 Rc8 32. b3 Nf5 33. Ng3 Bxg3 34.
hxg3 Qb4 35. g4 Ne7 36. Be1 Qd6 37. Bd2 f5 38. Re1 fxg4 39. fxg4 Nc6 40. g3 Qf6
41. Be3 Qf3 42. Qf1 Qxg3+ 43. Qg2 Qxe1+
0-1

[Event "European Senior Chess Championship 2018"]
[Site "Drammen, Norway"]
[Date "2018.02.14"]
[Round "1"]
[White "Fatalibekova, Elena"]
[Black "Munar Mut, Antonio"]
[Result "1-0"]
[WhiteElo "2181"]
[BlackElo "1909"]
[PlyCount "115"]
[EventDate "2018.??.??"]

1. e4 c5 2. Nf3 Nc6 3. Bb5 e6 4. Bxc6 bxc6 5. d3 Be7 6. O-O Nf6 7. Nc3 O-O 8.
Re1 d5 9. b3 Nd7 10. Bb2 d4 11. Ne2 e5 12. Ng3 g6 13. Bc1 Bf6 14. Bh6 Re8 15.
Qd2 Nf8 16. h3 Ne6 17. Rf1 a5 18. a4 Rb8 19. Nh2 Bg5 20. Bxg5 Qxg5 21. Qxg5
Nxg5 22. Ne2 f5 23. exf5 gxf5 24. f4 Nf7 25. fxe5 Nxe5 26. Nf4 Ng6 27. Nh5 Rf8
28. Rf2 Bd7 29. Re1 Rbe8 30. Rxe8 Bxe8 31. g3 Ne7 32. Nf4 Nd5 33. Nf1 Bd7 34.
Re2 Re8 35. Rxe8+ Bxe8 36. Ne6 Nb4 37. Nxc5 Nxc2 38. Nd2 Bf7 39. Kf2 Nb4 40.
Nf3 Nc2 41. Nd2 Nb4 42. Nc4 Bxc4 43. dxc4 Kf7 44. Nb7 Ke6 45. Nxa5 Kd6 46. Ke2
Ke5 47. Nb7 h5 48. h4 f4 49. gxf4+ Kxf4 50. Nc5 Kg4 51. Nd3 Na6 52. Ne5+ Kxh4
53. Nxc6 Kg3 54. Nxd4 Kf4 55. Nf3 Ke4 56. Ng5+ Kd4 57. Kd2 Nc5 58. Kc2
1-0

[Event "European Senior Chess Championship 2018"]
[Site "Drammen, Norway"]
[Date "2018.02.14"]
[Round "1"]
[White "Thjomoe, Hans Richard"]
[Black "Kolbak, Jens"]
[Result "0-1"]
[WhiteElo "1888"]
[BlackElo "2181"]
[PlyCount "78"]
[EventDate "2018.??.??"]

1. e4 e5 2. Nf3 Nc6 3. Bb5 a6 4. Ba4 Nf6 5. O-O Nxe4 6. Re1 Nc5 7. Nxe5 Be7 8.
Bb3 Nxe5 9. Rxe5 Nxb3 10. axb3 O-O 11. d4 Bf6 12. Re1 d5 13. Bf4 Bf5 14. Nc3
Rc8 15. Ne2 Re8 16. c3 h6 17. Qd2 Bg6 18. Ng3 Qd7 19. b4 Re7 20. Rxe7 Bxe7 21.
Qe2 Bf8 22. Re1 f6 23. Qe6+ Qxe6 24. Rxe6 Kf7 25. Re1 Bd3 26. Nf1 g5 27. Bg3 c6
28. Nd2 Bc2 29. h3 b6 30. Nf3 a5 31. Re2 Bd1 32. Re3 axb4 33. Nd2 bxc3 34. bxc3
c5 35. Re1 Bc2 36. c4 cxd4 37. cxd5 Bb4 38. Ne4 Rd8 39. d6 Bxe1
0-1

[Event "European Senior Chess Championship 2018"]
[Site "Drammen, Norway"]
[Date "2018.02.14"]
[Round "1"]
[White "Hedin, Gunnar"]
[Black "Svanholm, Borge Waaktaar"]
[Result "1-0"]
[WhiteElo "2179"]
[BlackElo "1862"]
[PlyCount "69"]
[EventDate "2018.??.??"]

1. f4 d5 2. Nf3 c5 3. g3 Nf6 4. Bg2 g6 5. O-O Bg7 6. d3 O-O 7. c3 Nc6 8. Na3 b6
9. Qa4 Bb7 10. e4 e6 11. e5 Nd7 12. Nb5 a6 13. Nd6 Qc7 14. d4 b5 15. Qc2 Na5
16. Qf2 cxd4 17. cxd4 Nc4 18. Nxb7 Qxb7 19. b3 Ncb6 20. Ba3 Rfc8 21. g4 Rc6 22.
f5 gxf5 23. gxf5 exf5 24. Nh4 Nxe5 25. dxe5 Bxe5 26. Rae1 Qc7 27. Nxf5 Re8 28.
Qh4 f6 29. Kh1 Kh8 30. Nd4 Rc3 31. Bb2 Rd3 32. Nf3 Re7 33. Nxe5 fxe5 34. Qf6+
Kg8 35. Qf8#
1-0

[Event "European Senior Chess Championship 2018"]
[Site "Drammen, Norway"]
[Date "2018.02.14"]
[Round "1"]
[White "Patola, Eero"]
[Black "Vinke, Dietmar"]
[Result "0-1"]
[WhiteElo "1856"]
[BlackElo "2166"]
[PlyCount "94"]
[EventDate "2018.??.??"]

1. c4 e5 2. Nc3 Nc6 3. g3 g6 4. Bg2 Bg7 5. e4 d6 6. Nge2 Be6 7. d3 Qd7 8. h3 f5
9. Nd5 fxe4 10. dxe4 Nd4 11. b3 c6 12. Nxd4 exd4 13. Nf4 Ne7 14. Rb1 O-O 15.
O-O Rab8 16. Bb2 c5 17. Kh2 Kh8 18. Qe2 Rbe8 19. Ba1 Bg8 20. Rbe1 a6 21. Bf3
Nc6 22. Bg4 Qf7 23. h4 Ne5 24. Kg2 Bh6 25. Nh3 b5 26. cxb5 axb5 27. f4 Nxg4 28.
Qxg4 Qb7 29. Qe2 Bg7 30. Kh2 Re7 31. h5 Rfe8 32. Ng5 gxh5 33. Qxh5 Bf6 34. e5
dxe5 35. fxe5 Bxg5 36. Qxg5 Rg7 37. Qh5 Re6 38. Rf6 Qa6 39. Rxe6 Qxe6 40. Rf1
Rg6 41. Qf5 Rh6+ 42. Kg1 Qd5 43. Kf2 Qa8 44. Qb1 Rh2+ 45. Ke1 Qg2 46. Qd3 Qxa2
47. Qd1 Qa5+
0-1

[Event "European Senior Chess Championship 2018"]
[Site "Drammen, Norway"]
[Date "2018.02.14"]
[Round "1"]
[White "Moe, Mogens"]
[Black "Rubinstein, Mark"]
[Result "1-0"]
[WhiteElo "2150"]
[BlackElo "1850"]
[PlyCount "101"]
[EventDate "2018.??.??"]

1. e4 e6 2. d4 d5 3. Nd2 dxe4 4. Nxe4 Nf6 5. Bd3 Nbd7 6. Nf3 Nxe4 7. Bxe4 Nf6
8. Bd3 c5 9. O-O cxd4 10. Nxd4 a6 11. Re1 Be7 12. c3 O-O 13. Bg5 h6 14. Bh4 Nd5
15. Bxe7 Nxe7 16. Qf3 Qc7 17. h4 Nd5 18. Be4 Nf6 19. Bc2 Re8 20. g4 Qc5 21. Qg3
e5 22. g5 hxg5 23. Qxg5 Qd6 24. Nf5 Bxf5 25. Rad1 Qc7 26. Qxf5 Re6 27. Re3 g6
28. Qg5 Nh7 29. Qh6 Qe7 30. h5 Qf8 31. Qxf8+ Nxf8 32. hxg6 Nxg6 33. Rd7 Rb8 34.
Kf1 Kf8 35. Bf5 Ree8 36. Bxg6 fxg6 37. Rf3+ Kg8 38. Rf6 g5 39. Rg6+ Kf8 40.
Rxg5 Re6 41. Rh5 Ke8 42. Rd5 Kf7 43. Rhxe5 Rxe5 44. Rxe5 Rd8 45. Ke2 Kf6 46.
Re3 Rd5 47. a4 a5 48. Rd3 Re5+ 49. Kd2 Rf5 50. f3 Ke5 51. Ke3
1-0

[Event "European Senior Chess Championship 2018"]
[Site "Drammen, Norway"]
[Date "2018.02.14"]
[Round "1"]
[White "Kabanova, Irina"]
[Black "Malmdin, Nils-Ake"]
[Result "0-1"]
[WhiteElo "1847"]
[BlackElo "2135"]
[PlyCount "84"]
[EventDate "2018.??.??"]

1. e4 g6 2. d4 Bg7 3. Nc3 c5 4. Be3 Qa5 5. Qd2 cxd4 6. Bxd4 Nf6 7. f3 Nc6 8.
Be3 O-O 9. Bd3 d5 10. Nxd5 Nxd5 11. exd5 Bxb2 12. Qxa5 Nxa5 13. Rb1 Bc3+ 14.
Kf2 b6 15. Ne2 Be5 16. f4 Bd6 17. Nd4 Bb7 18. c4 Rfc8 19. Rbc1 Ba6 20. Nb5 Bc5
21. g4 Nb7 22. Nd4 e6 23. Nb5 Bxb5 24. cxb5 exd5 25. Rce1 Re8 26. Kf3 Bxe3 27.
Rxe3 Nc5 28. Bc2 d4 29. Rxe8+ Rxe8 30. Rd1 Re3+ 31. Kf2 Rh3 32. Bb1 Rxh2+ 33.
Kf3 Rb2 34. Bd3 Rxa2 35. Bc4 Ra3+ 36. Kg2 d3 37. Kf3 Rc3 38. Bd5 Kg7 39. Ke3 h5
40. gxh5 gxh5 41. Rd2 Kf6 42. Kd4 Rc2
0-1

[Event "European Senior Chess Championship 2018"]
[Site "Drammen, Norway"]
[Date "2018.02.14"]
[Round "1"]
[White "Schouten, Nico"]
[Black "Carulla Pons, Carlos"]
[Result "1-0"]
[WhiteElo "2126"]
[BlackElo "1835"]
[PlyCount "79"]
[EventDate "2018.??.??"]

1. d4 Nf6 2. c4 g6 3. Nc3 Bg7 4. e4 d6 5. Nf3 O-O 6. Be2 e5 7. O-O Nc6 8. d5
Ne7 9. Ne1 Nd7 10. Be3 f5 11. f3 Nf6 12. Nd3 f4 13. Bf2 g5 14. c5 Ng6 15. a4 h5
16. a5 a6 17. cxd6 cxd6 18. Na4 g4 19. Nb6 Rb8 20. Nxc8 Qxc8 21. Qb3 Qd7 22.
Rac1 Rbc8 23. Rc3 gxf3 24. Bxf3 Ng4 25. Rfc1 Nxf2 26. Nxf2 Rxc3 27. Rxc3 Nh4
28. Bxh5 Qe7 29. Bg4 Rf6 30. Qc2 Rg6 31. g3 fxg3 32. hxg3 Bh6 33. Rc8+ Bf8 34.
gxh4 Qxh4 35. Kf1 Rxg4 36. Rxf8+ Kxf8 37. Qc8+ Kg7 38. Qxg4+ Qxg4 39. Nxg4 Kg6
40. Ne3
1-0

[Event "European Senior Chess Championship 2018"]
[Site "Drammen, Norway"]
[Date "2018.02.14"]
[Round "1"]
[White "Tolda Andreu, Eloi"]
[Black "Neumann, Joachim"]
[Result "0-1"]
[WhiteElo "1827"]
[BlackElo "2124"]
[PlyCount "132"]
[EventDate "2018.??.??"]

1. Nf3 d5 2. c4 e6 3. g3 Nf6 4. Bg2 d4 5. d3 c5 6. Ne5 Bd6 7. Qa4+ Nbd7 8. Nxd7
Bxd7 9. Qc2 Qc7 10. Nd2 O-O 11. O-O Rae8 12. Nf3 h6 13. e4 dxe3 14. Bxe3 e5 15.
Nd2 Bc6 16. Ne4 Nd7 17. f4 f5 18. Nc3 exf4 19. Bxf4 Bxf4 20. Rxf4 Bxg2 21. Qxg2
Ne5 22. Raf1 Qd7 23. Qd5+ Qxd5 24. Nxd5 Nxd3 25. Rxf5 Rxf5 26. Rxf5 Nxb2 27.
Nc7 Re4 28. Rxc5 Rxc4 29. Rb5 Rxc7 30. Rxb2 b6 31. Kf2 Re7 32. Kf3 Kf7 33. a4
Re5 34. Rb4 Ke6 35. Rg4 Rg5 36. Re4+ Re5 37. Rg4 Kf6 38. Rc4 Rc5 39. Rb4 Ke5
40. h4 Kd5 41. Re4 Rc7 42. Rf4 a6 43. g4 b5 44. axb5 axb5 45. g5 hxg5 46. hxg5
Rb7 47. Ke3 Re7+ 48. Kd3 Re5 49. Rg4 g6 50. Rd4+ Ke6 51. Rg4 Kf5 52. Rg1 Kf4
53. Kd4 Rxg5 54. Rf1+ Kg4 55. Rg1+ Kf5 56. Re1 Kf6 57. Re8 Rf5 58. Rf8+ Kg5 59.
Rg8 b4 60. Kc4 Rf4+ 61. Kb3 Kf5 62. Kc2 g5 63. Kd3 b3 64. Ke3 Rb4 65. Rf8+ Kg4
66. Rf1 b2
0-1

[Event "European Senior Chess Championship 2018"]
[Site "Drammen, Norway"]
[Date "2018.02.14"]
[Round "1"]
[White "Hohler, Peter"]
[Black "Ingham, H William"]
[Result "1/2-1/2"]
[WhiteElo "2091"]
[BlackElo "1819"]
[PlyCount "88"]
[EventDate "2018.??.??"]

1. Nf3 Nf6 2. d4 d6 3. Nc3 c6 4. e4 Qc7 5. a4 Bg4 6. Be2 e6 7. O-O d5 8. Ne5
Bxe2 9. Qxe2 Nxe4 10. Nxe4 dxe4 11. Qxe4 Nd7 12. Nd3 Bd6 13. Bf4 Bxf4 14. Qxf4
Qxf4 15. Nxf4 O-O-O 16. Nd3 Rhe8 17. Rfe1 f6 18. f4 f5 19. c3 Kc7 20. Re3 b6
21. Rae1 Nf8 22. h3 a5 23. g4 g6 24. Kf2 Rd5 25. Ne5 c5 26. dxc5 Rd2+ 27. R1e2
Rxe2+ 28. Rxe2 bxc5 29. Nc4 Nd7 30. Nxa5 Nb6 31. b3 Ra8 32. b4 cxb4 33. cxb4
Nd5 34. Rxe6 Nxb4 35. Nc4 Rxa4 36. Re7+ Kd8 37. Rxh7 Nd3+ 38. Ke3 Rxc4 39. Kxd3
Rxf4 40. Ke3 g5 41. gxf5 Rxf5 42. Ke4 Rf4+ 43. Ke5 Rh4 44. Rxh4 gxh4
1/2-1/2

[Event "European Senior Chess Championship 2018"]
[Site "Drammen, Norway"]
[Date "2018.02.14"]
[Round "1"]
[White "Rostad, Rolf"]
[Black "Zhelesny, Stanislav"]
[Result "0-1"]
[WhiteElo "1813"]
[BlackElo "2077"]
[PlyCount "88"]
[EventDate "2018.??.??"]

1. e4 c6 2. d4 d5 3. exd5 cxd5 4. c4 e6 5. c5 Nf6 6. b4 Be7 7. Nf3 b6 8. Bb5+
Bd7 9. Bxd7+ Qxd7 10. O-O O-O 11. Nc3 a5 12. Na4 bxc5 13. Nb6 Qb7 14. Nxa8 cxb4
15. Qa4 Qxa8 16. a3 Qb7 17. axb4 Bxb4 18. Bd2 Ne4 19. Bxb4 axb4 20. Rfb1 Nc6
21. Qa6 Qxa6 22. Rxa6 Nc3 23. Rb2 Rc8 24. h3 f6 25. Ne1 Nxd4 26. Rxb4 Ncb5 27.
Nf3 Rc4 28. Rb1 Ne2+ 29. Kh2 Nec3 30. Rba1 e5 31. Rb6 Rc8 32. Ra5 Rc5 33. Rb7
h6 34. Ra8+ Kh7 35. Nh4 Rc7 36. Rbb8 g5 37. Nf5 Kg6 38. g4 Kf7 39. Rf8+ Ke6 40.
Rae8+ Kd7 41. Re7+ Kc6 42. Rxf6+ Kb7 43. Rxe5 Rd7 44. Rxh6 d4
0-1

[Event "European Senior Chess Championship 2018"]
[Site "Drammen, Norway"]
[Date "2018.02.14"]
[Round "1"]
[White "Ashby, Anthony C"]
[Black "Solli, Oddvar"]
[Result "1-0"]
[WhiteElo "2055"]
[BlackElo "1796"]
[PlyCount "81"]
[EventDate "2018.??.??"]

1. e4 e5 2. d4 exd4 3. Qxd4 Nc6 4. Qe3 d6 5. Nc3 Be6 6. f4 Nf6 7. f5 Bd7 8. Bd2
Qe7 9. Bd3 O-O-O 10. Nge2 g6 11. O-O gxf5 12. exf5 Qxe3+ 13. Bxe3 Re8 14. Bg5
Ng4 15. Ng3 Rg8 16. Bd2 Nce5 17. Nge4 Bg7 18. Rae1 Nxd3 19. cxd3 Bd4+ 20. Kh1
Nf6 21. Nxf6 Bxf6 22. Nd5 Bh4 23. Rxe8+ Bxe8 24. f6 Rg4 25. Ne7+ Kd8 26. Bc3
Bc6 27. Nxc6+ bxc6 28. g3 Bg5 29. Kg2 Bh6 30. Rf5 Rg5 31. Rxg5 Bxg5 32. Kf3 Kd7
33. Kg4 Be3 34. Kf5 d5 35. g4 c5 36. b3 Kc6 37. h4 Bf2 38. h5 d4 39. Ba5 Kd6
40. g5 Bh4 41. Bd2
1-0

[Event "European Senior Chess Championship 2018"]
[Site "Drammen, Norway"]
[Date "2018.02.14"]
[Round "1"]
[White "Milashevskaja, Valentina"]
[Black "Svensson, Leif"]
[Result "1-0"]
[WhiteElo "1748"]
[BlackElo "2052"]
[PlyCount "45"]
[EventDate "2018.??.??"]

1. d4 d5 2. c4 e6 3. Nc3 c6 4. e3 Be7 5. Nf3 f5 6. Be2 Nd7 7. Qd3 Nh6 8. Bd2
O-O 9. cxd5 exd5 10. e4 fxe4 11. Nxe4 Nf7 12. Ng3 Nf6 13. O-O Bd6 14. Rfe1 Qc7
15. Qc2 Bg4 16. Ng5 Bxe2 17. Ne6 Qc8 18. Rxe2 Re8 19. Rae1 Bxg3 20. hxg3 Nd6
21. Bf4 Nde4 22. Nc7 g5 23. Nxe8
1-0

[Event "European Senior Chess Championship 2018"]
[Site "Drammen, Norway"]
[Date "2018.02.14"]
[Round "1"]
[White "Sorokina, Tamara"]
[Black "Sather, Lars"]
[Result "1-0"]
[WhiteElo "2050"]
[BlackElo "1720"]
[PlyCount "45"]
[EventDate "2018.??.??"]

1. d4 Nf6 2. Nf3 d6 3. e3 Nbd7 4. Nbd2 e5 5. Bd3 b6 6. c3 Bb7 7. Qc2 Qe7 8. e4
Nh5 9. O-O Nf4 10. Re1 g5 11. dxe5 dxe5 12. Nc4 O-O-O 13. Bf1 f6 14. Ne3 Nc5
15. Nf5 Qd7 16. Bxf4 exf4 17. N5d4 Qf7 18. b4 Nd7 19. Qa4 Kb8 20. Nc6+ Bxc6 21.
Qxc6 Ne5 22. Nxe5 fxe5 23. Ba6
1-0

[Event "European Senior Chess Championship 2018"]
[Site "Drammen, Norway"]
[Date "2018.02.14"]
[Round "1"]
[White "Mella, Aage"]
[Black "Taksrud, Vidar"]
[Result "0-1"]
[WhiteElo "1689"]
[BlackElo "2047"]
[PlyCount "74"]
[EventDate "2018.??.??"]

1. c4 Nf6 2. Nf3 e6 3. g3 d5 4. Bg2 c6 5. b3 Nbd7 6. Bb2 Be7 7. O-O O-O 8. d3
b6 9. Nbd2 Bb7 10. Qc2 Rc8 11. e4 Nc5 12. Rad1 a5 13. Rfe1 Rc7 14. Be5 Rd7 15.
exd5 cxd5 16. d4 Nce4 17. Nxe4 Nxe4 18. Re2 Qa8 19. Nd2 Nd6 20. Bxd6 Bxd6 21.
cxd5 Rc7 22. Qd3 exd5 23. Qf3 Rfc8 24. Rde1 Bb4 25. Bh3 Rd8 26. Kg2 Ba6 27. Qf4
Rc2 28. a3 Bxe2 29. axb4 Re8 30. Bf5 Rb2 31. bxa5 bxa5 32. Bd7 Re7 33. Bb5 Bxb5
34. Rxe7 Qf8 35. Rb7 Be8 36. Qe3 Bc6 37. Re7 Rxd2
0-1

[Event "European Senior Chess Championship 2018"]
[Site "Drammen, Norway"]
[Date "2018.02.14"]
[Round "1"]
[White "Anguera Maestro, Jaime"]
[Black "Podlovna, Stella"]
[Result "1-0"]
[WhiteElo "2042"]
[BlackElo "1607"]
[PlyCount "53"]
[EventDate "2018.??.??"]

1. d4 d5 2. Nf3 Nf6 3. Bf4 e6 4. e3 c5 5. c3 Nc6 6. Nbd2 Be7 7. h3 O-O 8. Bd3
c4 9. Bc2 Bd6 10. Ne5 Qc7 11. Ndf3 h6 12. O-O Nd7 13. Nxc6 Qxc6 14. Bxd6 Qxd6
15. e4 b5 16. e5 Qe7 17. Nh2 f5 18. f4 Bb7 19. g4 g6 20. gxf5 gxf5 21. Qh5 Kh7
22. Kf2 Qf7 23. Qh4 Rg8 24. Rg1 Rxg1 25. Rxg1 Rg8 26. Rxg8 Qxg8 27. Qe7+
1-0

[Event "European Senior Chess Championship 2018"]
[Site "Drammen, Norway"]
[Date "2018.02.14"]
[Round "1"]
[White "Lilleng, Gunnar"]
[Black "Goncharov, Viktor"]
[Result "0-1"]
[WhiteElo "1598"]
[BlackElo "2041"]
[PlyCount "108"]
[EventDate "2018.??.??"]

1. d4 Nf6 2. c3 b6 3. Nf3 Bb7 4. Bg5 e6 5. Nbd2 Be7 6. e3 Ne4 7. Bxe7 Qxe7 8.
Nxe4 Bxe4 9. Bd3 Bxd3 10. Qxd3 d6 11. O-O O-O 12. Qe4 Nd7 13. Qh4 Qxh4 14. Nxh4
a5 15. Nf3 b5 16. Rfc1 Nb6 17. Nd2 d5 18. Kf1 Rfc8 19. Ke2 Kf8 20. Nb3 Na4 21.
Rc2 Ke7 22. Rac1 Kd6 23. Kd1 c5 24. Nxc5 Nxc5 25. dxc5+ Rxc5 26. Rd2 Ke5 27.
Rcc2 g5 28. Rd4 f5 29. f4+ Kf6 30. fxg5+ Kxg5 31. Rf2 h5 32. Rdd2 Rc4 33. Rd4
a4 34. a3 Rg8 35. Ke1 Kf6 36. Kf1 Ke5 37. Rff4 Rg4 38. Rxc4 bxc4 39. Rf2 Ke4
40. Ke2 e5 41. Kd2 h4 42. Ke2 f4 43. exf4 Rxf4 44. Rf3 Rxf3 45. gxf3+ Kf4 46.
Kf2 d4 47. cxd4 exd4 48. Ke2 h3 49. Kf2 c3 50. bxc3 dxc3 51. Ke2 c2 52. Kd2
Kxf3 53. Kxc2 Kg2 54. Kc3 Kxh2
0-1

[Event "European Senior Chess Championship 2018"]
[Site "Drammen, Norway"]
[Date "2018.02.14"]
[Round "1"]
[White "Hauge, Tor Arne"]
[Black "Tveten, Per"]
[Result "1-0"]
[WhiteElo "2037"]
[BlackElo "1526"]
[PlyCount "79"]
[EventDate "2018.??.??"]

1. Nf3 Nc6 2. d4 d5 3. g3 Bf5 4. Bg2 Nf6 5. O-O h6 6. a3 e6 7. c4 Bd6 8. c5 Be7
9. b4 Qd7 10. Bb2 O-O 11. Nc3 Ne4 12. b5 Na5 13. c6 bxc6 14. Ne5 Qc8 15. Nxe4
dxe4 16. Qa4 f6 17. Qxa5 fxe5 18. bxc6 exd4 19. Bxd4 Rd8 20. Be3 Rd5 21. Qa4
Bc5 22. Bxe4 Bxe4 23. Qxe4 Qe8 24. Rfc1 Bb6 25. a4 Ra5 26. h4 Qf7 27. Rd1 Rf8
28. Rd7 Qf5 29. Qxf5 Rfxf5 30. Bxb6 cxb6 31. c7 Rf8 32. Rc1 Rc5 33. Rxc5 bxc5
34. Rd8 c4 35. Rxf8+ Kxf8 36. c8=Q+ Kf7 37. Qxc4 Kf6 38. f4 g5 39. e4 gxh4 40.
gxh4
1-0

[Event "European Senior Chess Championship 2018"]
[Site "Drammen, Norway"]
[Date "2018.02.14"]
[Round "1"]
[White "Lie, Terje"]
[Black "Archangelsky, Mikhail"]
[Result "0-1"]
[WhiteElo "1502"]
[BlackElo "2033"]
[PlyCount "112"]
[EventDate "2018.??.??"]

1. d4 g6 2. c4 Bg7 3. Nf3 d6 4. Nc3 Nd7 5. e4 e5 6. dxe5 dxe5 7. Be2 Ngf6 8.
O-O O-O 9. Bg5 h6 10. Bxf6 Qxf6 11. Nd5 Qd8 12. Qc2 c6 13. Nc3 Qe7 14. Rad1 Nc5
15. a3 Ne6 16. b4 Nd4 17. Qb2 Be6 18. c5 Rad8 19. Rfe1 Rd7 20. Nd2 Nxe2+ 21.
Nxe2 Rfd8 22. Qc2 Kh7 23. Nf1 f5 24. f3 f4 25. Rxd7 Qxd7 26. Nc3 Qd4+ 27. Kh1
Qd3 28. Qb2 Bc4 29. Qc1 Qd7 30. Kg1 Qd4+ 31. Kh1 Qf2 32. Nb1 Ba6 33. Nfd2 Bf6
34. Rg1 Qd4 35. Nb3 Qd3 36. Na5 Bh4 37. Qc3 Qxc3 38. Nxc3 Rd3 39. Nb1 Bf2 40.
Rc1 Be3 41. Re1 Kg7 42. h3 Kf6 43. Kh2 Ke6 44. Rh1 Kd7 45. h4 b6 46. cxb6 axb6
47. Nxc6 Kxc6 48. g3 Rb3 49. Rd1 Bd3 50. Nd2 Rb2 51. Rc1+ Kd7 52. gxf4 Rxd2+
53. Kh1 Be2 54. Kg2 exf4 55. a4 h5 56. a5 Bxf3+
0-1

[Event "European Senior Chess Championship 2018"]
[Site "Drammen, Norway"]
[Date "2018.08.03"]
[Round "2"]
[White "Archangelsky, Mikhail"]
[Black "Renman, Nils-Gustaf"]
[Result "0-1"]
[WhiteElo "2033"]
[BlackElo "2348"]
[PlyCount "134"]
[EventDate "2018.??.??"]

1. d4 Nf6 2. Nf3 d5 3. e3 e6 4. Nbd2 c5 5. c3 Nc6 6. Bd3 Be7 7. O-O b6 8. dxc5
bxc5 9. e4 O-O 10. Qe2 Qc7 11. Re1 Rd8 12. e5 Nd7 13. Nf1 c4 14. Bc2 Rb8 15.
Bf4 Nc5 16. Rab1 Ba6 17. Qe3 Rb6 18. N1d2 Bb5 19. b4 cxb3 20. axb3 a5 21. Bg5
d4 22. cxd4 Nxd4 23. Nxd4 Bxg5 24. Qxg5 Rxd4 25. Nf3 h6 26. Qe3 Rd5 27. Rec1
Qd8 28. b4 axb4 29. Rxb4 Nd3 30. Bxd3 Rxd3 31. Qe1 Bc6 32. Rxb6 Qxb6 33. Qe2
Rb3 34. Ne1 Bb7 35. Qd2 Be4 36. Rd1 Bd5 37. h3 Rb2 38. Qf4 Qb3 39. Rc1 Rb1 40.
Rxb1 Qxb1 41. Qe3 g5 42. f3 Kg7 43. Kf2 Bc4 44. Qc3 Qa2+ 45. Kg3 Qe2 46. Nc2
Kg6 47. Ne3 Bd3 48. Ng4 h5 49. Nf6 Qe3 50. Kh2 Qe2 51. Qd4 Bf5 52. f4 Qd3 53.
Qb4 g4 54. hxg4 hxg4 55. g3 Qe2+ 56. Kg1 Qe3+ 57. Kh2 Qf2+ 58. Kh1 Qf1+ 59. Kh2
Qh3+ 60. Kg1 Qxg3+ 61. Kh1 Qf3+ 62. Kg1 g3 63. Qe1 Bd3 64. f5+ exf5 65. e6 Qf2+
66. Qxf2 gxf2+ 67. Kxf2 Kxf6
0-1

[Event "European Senior Chess Championship 2018"]
[Site "Drammen, Norway"]
[Date "2018.08.03"]
[Round "2"]
[White "Carulla Pons, Carlos"]
[Black "Smeby, Ole"]
[Result "1/2-1/2"]
[WhiteElo "1835"]
[BlackElo "1980"]
[PlyCount "122"]
[EventDate "2018.??.??"]

1. d4 Nf6 2. c4 c5 3. d5 b5 4. cxb5 a6 5. bxa6 g6 6. Nc3 Bxa6 7. f4 d6 8. Nf3
Bg7 9. e4 Bxf1 10. Rxf1 Nfd7 11. Kf2 Qb6 12. Qe2 O-O 13. Kg1 Na6 14. Kh1 Nc7
15. Rd1 Qa6 16. Qe1 c4 17. Be3 Rfb8 18. Rdb1 Nb5 19. Nxb5 Rxb5 20. Nd4 Rb7 21.
b3 Nc5 22. bxc4 Rxb1 23. Rxb1 Qxc4 24. Rb4 Qxa2 25. Nc6 Nd3 26. Qb1 Nxb4 27.
Qxb4 Qa1+ 28. Bg1 Re8 29. h3 Qc3 30. Qb7 Kf8 31. Qa7 Qc4 32. Qe3 Kg8 33. Na5
Qa4 34. Nc6 e6 35. Qd3 h6 36. f5 exf5 37. exf5 Qe4 38. Qxe4 Rxe4 39. fxg6 fxg6
40. Bf2 Be5 41. g3 Re2 42. Kg2 Rd2 43. Kf3 Kf7 44. Nxe5+ dxe5 45. Be3 Rxd5 46.
Bxh6 Rd4 47. Be3 Ra4 48. h4 Ke6 49. g4 Kd5 50. h5 gxh5 51. gxh5 Rh4 52. h6 Rh3+
53. Kg4 Rh1 54. Kg5 Rh3 55. Kg4 Rh1 56. Kg5 Ke4 57. Bc5 Kd5 58. Be3 Ke6 59. Kg6
Rh3 60. Bg5 e4 61. h7 Rxh7
1/2-1/2